000 00814nam a2200253Ia 4500
003 OSt
005 20220923222949.0
006 a|||||r|||| 00| 0
007 ta
008 220922b |||||||| |||| 00| 0 hin d
024 _a209,205
037 _cTextual
040 _aARTS
_cARTS
_bhin
041 _2hin
_ahin
082 _aO152,3N53,RH, N3
100 _aगोविल, प्रबोधकुमार
245 0 _aरेत होते रिशतेे
246 _aRet hote rishatee
260 _aदिल्ली
_b दिशा प्रका0
_c1993
300 _a200पृ.
_ccm.
650 _aहिन्दी साहित्य
_9156264
942 _hO152,3N53,RH, N3
_cTEXL
_2CC
999 _c359778
_d359778